| 000 | 01021nam a2200301 4500 | ||
|---|---|---|---|
| 001 | 0000015209 | ||
| 003 | CO-CtgCURN | ||
| 005 | 20250506203459.0 | ||
| 008 | 160627s1993 000 0 eng d | ||
| 020 | _a8475098576 | ||
| 040 |
_aCO-CtgCURN _bspa _ccoctgcurn |
||
| 082 | 0 |
_a913.37 _bG861v |
|
| 100 | 1 | _aGrimal, Pierre. | |
| 245 | 1 | 3 |
_aLa vida en la Roma antigua / _cPierre Grimal , traducción de Sandra y Fernando Schiumerini. |
| 260 |
_aBarcelona : _bEdiciones Paidos, _c1993. |
||
| 300 | _a133 p. | ||
| 336 | _2rdacontent | ||
| 337 |
_2rdamedia _asin mediacion _bn |
||
| 338 |
_2rdacarrier _avolumen _bnc |
||
| 490 | 1 |
_aPaidos studio ; _v95 |
|
| 500 | _aIncluye bibliografias \ Titulo original. La vie a Rome dans lantiquite. | ||
| 651 | 0 |
_aRoma _xCivilización. |
|
| 700 | 1 |
_aSchiumerini, Sandra, _eTraductor. |
|
| 700 | 1 |
_aSchiumerini, Fernando, _eTraductor. |
|
| 908 | _a160627 | ||
| 942 |
_cBK _h913.37 _iG861v _2ddc |
||
| 999 |
_c48156 _d48156 _x1 |
||